| 000 | 01148 a2200325 4500 | ||
|---|---|---|---|
| 001 | 200129139 | ||
| 003 | TR-AnTOB | ||
| 005 | 20240930091857.0 | ||
| 008 | 130503s2013 tu 000 0 | ||
| 040 |
_aTR-AnTOB _cTR-AnTOB |
||
| 041 | _atur | ||
| 050 | 0 | 0 |
_aHC240.25.T9 _bA976 2005 |
| 090 | _aHC240.25.T9 A976 2005 | ||
| 245 | 0 | 0 |
_aAvrupa Birliği ve Türkiye-AB ilişkileri hakkında doğru bilinen yanlışlar / _chaz. Zeynep Oya Usal. |
| 264 | 1 |
_aistanbul : _bİktisadi Kalkınma Vakfı, _c2005. |
|
| 300 |
_a29 p. _c13 cm |
||
| 336 |
_2rdacontent _atext _btxt |
||
| 337 |
_2rdamedia _aunmediated _bn |
||
| 338 |
_2rdacarrier _avolume _bnc |
||
| 490 | 0 |
_aİktisadi Kalkınma Vakfı ; _v178 |
|
| 504 | _aIncludes bibliographical references | ||
| 610 | 0 |
_aAvrupa Birliği _zTürkiye _923334 |
|
| 650 | 0 |
_aPolitical participation _zTurkey _944643 |
|
| 650 | 0 | 0 |
_aSiyasal katılım _zTürkiye _944642 |
| 651 | 0 | 0 |
_aAvrupa Birliği ülkeleri _xDış ilişkiler _zTürkiye _989060 |
| 651 | 0 | 0 |
_aEuropean Union countries _xForeign relations _zTurkey _989059 |
| 700 |
_aUsal, Zeynep Oya _942032 |
||
| 942 |
_cBK _2lcc |
||
| 999 |
_c200129139 _d31793 |
||